[Event "Manaus op"]
[Site "Manaus"]
[Date "2024.10.14"]
[Round "5"]
[White "De Brito, Irineu Evangelista"]
[Black "Silva, Guilherme Henrique"]
[Result "0-1"]
[WhiteElo "1840"]
[BlackElo "2085"]
[PlyCount "108"]
[EventDate "2024.10.11"]
[EventType "swiss"]
[EventRounds "9"]
[EventCountry "BRA"]
[SourceTitle "CB43_2024"]
[Source "Chessbase"]
[SourceDate "2024.10.23"]
[SourceVersion "1"]
[SourceVersionDate "2024.10.23"]
[SourceQuality "1"]

1. d4 Nf6 2. Nf3 e6 3. g3 b5 4. Bg2 Bb7 5. 0-0 c5 6. b3 d5 7. Bb2 Nbd7 8. a4 a6 9. e3 Be7 10. Nfd2 0-0 11. Qe2 Qb6 12. c3 c4 13. a5 Qc7 14. Ba3 Bxa3 15. Nxa3 cxb3 16. Nab1 b2 17. Ra2 Rab8 18. Nb3 Ne4 19. Qxb2 Nd6 20. Rc1 Rbc8 21. Qe2 Qc4 22. Qb2 Qd3 23. Bf1 Qf5 24. Qd2 Rc7 25. Bd3 Qf6 26. Rac2 Rfc8 27. Qe2 g6 28. f3 h5 29. e4 e5 30. dxe5 Nxe5 31. Rf1 Nxd3 32. Qxd3 dxe4 33. fxe4 Qe6 34. N3d2 Bxe4 35. Nxe4 Qxe4 36. Rd2 Qxd3 37. Rxd3 Nc4 38. Rf6 Rc6 39. Rdf3 Rxf6 40. Rxf6 Rd8 41. Kf2 Rd1 42. Na3 Nxa3 43. Rxa6 Nc4 44. Ra8+ Kg7 45. a6 Rd2+ 46. Kg1 Ra2 47. a7 Ne5 48. Rb8 Nf3+ 49. Kf1 Nxh2+ 50. Kg1 Nf3+ 51. Kf1 Rxa7 52. Ke2 Ng5 53. Rxb5 Ne4 54. Kd3 Nxg3 0-1

[Event "Manaus op"]
[Site "Manaus"]
[Date "2024.10.13"]
[Round "4"]
[White "Moyses Sobrinho, Elias"]
[Black "De Brito, Irineu Evangelista"]
[Result "0-1"]
[WhiteElo "1948"]
[BlackElo "1840"]
[PlyCount "112"]
[EventDate "2024.10.11"]
[EventType "swiss"]
[EventRounds "9"]
[EventCountry "BRA"]
[SourceTitle "CB43_2024"]
[Source "Chessbase"]
[SourceDate "2024.10.23"]
[SourceVersion "1"]
[SourceVersionDate "2024.10.23"]
[SourceQuality "1"]

1. d4 d5 2. c4 e6 3. Nf3 Nf6 4. g3 Be7 5. Bg2 0-0 6. 0-0 c5 7. dxc5 Bxc5 8. cxd5 Qxd5 9. Nc3 Qc4 10. Ne5 Qa6 11. Qb3 Nbd7 12. Nd3 Bb6 13. Na4 Qa5 14. Nxb6 Nxb6 15. Be3 Nbd5 16. Bc5 Rd8 17. e4 Nd7 18. Bd6 N7b6 19. e5 Bd7 20. Nc5 Bc6 21. Rac1 Rac8 22. Rfd1 h6 23. Rd4 Nd7 24. Nxb7 Bxb7 25. Rxc8 Qe1+ 26. Bf1 Bxc8 27. Rd1 Qa5 28. Rc1 N7b6 29. a3 Qa4 30. Qd3 Bb7 31. b3 Qd7 32. a4 Nc8 33. Ba3 Nde7 34. Qxd7 Rxd7 35. Bb5 Rd2 36. Kf1 Nd5 37. Ke1 Ra2 38. Bd6 a6 39. Bc6 Bxc6 40. Rxc6 Ra1+ 41. Ke2 Ra2+ 42. Kd3 Nxd6 43. Rxd6 Rxf2 44. Kd4 Rd2+ 45. Kc5 Rc2+ 46. Kd4 Nb4 47. Rb6 a5 48. h4 Rd2+ 49. Kc4 Rd5 50. Rxb4 axb4 51. Kxb4 f6 52. exf6 gxf6 53. a5 e5 54. a6 e4 55. a7 Rd8 56. Kc3 e3 0-1